000 00623nam a2200229 a 4500
003 SISC
005 20160624104925.0
008 050606s19uu xx 00 eng d
050 _aP 95
_b.B454 2006
100 _aBelvez, Paz
245 _aSining ng Komunikasyon I :
_bpara sa mag-aaral ng caregiver, nursing at medisina /
_cPaz M. Belvez.
260 _aManila :
_bRex Bookstore,
_c2006.
300 _a191 p. :
_c22 cm.
650 _aPagbasa at pagsulat.
700 _aPedro, Ma. Antoniette
942 _cBK
_2lcc
999 _c22594
_d22594